Raskin Bond / (Record no. 155637)

MARC details
000 -LEADER
fixed length control field 00681cam a22002053a 4500
005 - DATE AND TIME OF LATEST TRANSACTION
control field 20180808140557.0
010 ## - LCCN (DPL NO)
LC control number B-701235-236
020 ## - INTERNATIONAL STANDARD BOOK NUMBER
International Standard Book Number 9789386313645
Terms of availability 350.00
035 ## - SYSTEM CONTROL NUMBER
System control number B-701235-236
037 ## - SOURCE OF ACQUISITION
Source of stock number/acquisition DBAD
082 ## - DEWEY DECIMAL CLASSIFICATION NUMBER
Classification number S
100 ## - MAIN ENTRY--PERSONAL NAME
Personal name Shamim Padmsee
245 ## - TITLE STATEMENT
Title Raskin Bond /
Statement of responsibility, etc by Shamim Padamsee [and] artby Rayika Sen
260 ## - PUBLICATION, DISTRIBUTION, ETC. (IMPRINT)
Place of publication, distribution, etc Gurgaon
Name of publisher, distributor, etc Scholastic Inc.
Date of publication, distribution, etc 2017
270 ## - ADDRESS
Address A-27, Ground Floor, Sigma Centre, Infocity, Sector-34
City Gurgaon
Postal code 122001
300 ## - PHYSICAL DESCRIPTION
Extent 110p.
Dimensions 24cm. (hb)
Other physical details colored illus.
700 ## - ADDED ENTRY--PERSONAL NAME
Personal name Sen Rayika
942 ## - ADDED ENTRY ELEMENTS (KOHA)
Source of classification or shelving scheme Dewey Decimal Classification
Item type Children Books
Classification part 921
Call number suffix RUS
Holdings
Withdrawn status Lost status Not for loan Collection code Home library Current library Date acquired Source of acquisition Cost, normal purchase price Full call number Barcode Copy number Cost, replacement price Koha item type
      Non-fiction Ashok Vihar Ashok Vihar 08/08/2018 DBAD/Children/Gift/02.08.2018 350.00 921 RUS B-701235 2 350.00 Children Books
      Non-fiction Ashok Vihar Ashok Vihar 08/08/2018 DBAD/Children/Gift/02.08.2018 350.00 921 RUS B-701236 2 350.00 Children Books

© Delhi Public Library
Hit Counter
free hit counter